000 00556nam a22001817a 4500
003 OSt
005 20140310182038.0
008 130815t xxu||||| |||| 00| 0 eng d
020 _a
050 _aBV 4447
_b.H638 1969
082 _aHS 259.2
_bH53 1969
110 _aScripture Press Publications Inc
_910886
245 _aHigh school leaders' resource book :
_b101 ideas from sucessful youth groups /
300 _a96 p. ;
_bill. some col. ;
_c28 cm.
650 _aChurch work with youth
_xHandbooks, manuals, etc.
_910887
942 _2lcc
999 _c8726
_d8726